Transformace zemědělských društev

Bibliographic Details
Main Author: Philippová, Helena (Author)
Format: Article
Language:Slovak
Czech
Subjects:

MARC

LEADER 00000nab a2200000 a 4500
001 vtls000451347
003 SK-MaSNL
005 20260304080615.0
008 250424c1992 xo 0 slo
015 |a SNBRB19rr/mm-uuuuu 
035 |a CL0451478 
035 |a urn:nbn:sk:snk-ab2s9u 
035 |a (urnnbn)urn:nbn:sk:snk:ar-a02v6p 
035 |a (uuid)e70befdd-8e05-4632-9758-d72b66e1fd58 
040 |a SNKBUCL  |b slo  |c SNKBUCL  |e AACR2 
041 0 |a cze 
044 |a xo  |c SK 
080 |a 631:347.23  |2 1981 
080 |a 347.23  |2 1981 
080 |a 338.26  |2 1981 
080 |a 631.115.6  |2 1981 
080 |a 338.246  |2 1981 
100 1 |a Philippová, Helena  |4 aut  |9 1368131 
245 1 0 |a Transformace zemědělských društev  |c Helena Philippová 
650 0 7 |a poľnohospodárstvo  |2 snkbucl  |9 679 
650 0 7 |a transformačný zákon  |2 snkbucl  |9 966435 
655 7 |a články z novín a časopisov  |2 snkbucl  |9 267496 
773 0 |t Agroekonomika  |g Roč. 1, č. 4 (1992), s. 168-172 
850 |a Slovenská národná knižnica 
852 |a Slovenská národná knižnica 
954 |a odborná, vedecká literatúra cudzojazyčná (svetová)  |2 lita 
954 |a odborná, vedecká literatúra pôvodná (slovenská)  |2 lita 
958 |a article27 
958 |a OND 
958 |a RK 
958 |a EUIPO 
992 |a RBX 
999 |c 2787331  |d 2789261